Différents types de guitares - Statistiques

Statistiques générales
  • Ce quiz a été pris 78 fois
  • Le résultat moyen est 4 sur 11
Statistiques - réponses
Par images Réponse % Correct
Guitare électrique
95%
Guitare classique
76%
Guitare basse
74%
Guitare double
55%
Guitare folk
53%
Guitare flamenco
23%
Guitare manouche
17%
Cigar box guitar
9%
Bajo sexto
0%
Cuatro
0%
Guitare archtop
0%
Aucun quiz correspondant
Distribution des résultats
% des personnes avec chaque résultat
Percentile par nombre de réponses
Votre historique - résultats
Vous n’avez pas pris ce quiz